01258nam a22003377a 4500003000500000005001700005008004100022010001000063011001000073035001000083040000900093082001600102100002800118245010900146260005400255300002500309490004000334501003800374590004100412590004100453590004100494590004100535590004200576650004800618830004700666901000700713942001000720949005500730999001700785952011800802CHAP20220329140224.0971013s1888 r 00010 d a48780 a49752 a53902 cCHAP a633.73bR6500aRisler, Eugenio.997510 aFisiología y cultivo del trigo ; principios que debe seguirde para disminuir el costo de dicho cultivo aMéxico, D. F. :bSecretaría de Fomento,c1888 apág. var.b: ilus. aBiblioteca de la Revista Agrícola aEnc. con otros impresos similares aBATCH-UPDb10c20130110lUCH01h0020 aBATCH-UPDb10c20130110lUCH01h2206 aBATCH-UPDb10c20130410lUCH01h1511 aBATCH-UPDb10c20130914lUCH01h1006 aCONVERSIONb10c20130109lUCH01h132714aTrigoxFisiología y morfología.91150270 aBiblioteca de la Revista Agrícola912332 aBK cLIBRO a633.73 R65bBCcBPPd-119241eBPPh60123i53902si c48780d48780 00102ddc4051708FRaBCbBCd2019-12-31fLIBROl0o633.73 R65p-119241r2019-12-31 00:00:00w2019-12-31yLIBRO